banner-ar

الرئيس و الاستاذ : (Record no. 61630)

MARC details
000 -الفاتح
حقل البيانات ثابتة الطول 00861nam a22002297a 4500
005 - وقت وتاريخ اخر تعامل مع التسجيلة
رقم الضبط 20240530110509.0
008 - عناصر البيانات ثابتة الطول - معلومات عامة
حقل البيانات ثابتة الطول 151026s2012 ua a f 000 0 ara d
017 ## - رقم الايداع القانونى
رقم الايداع القانونى 2012/2246
المصدر ( الهيئة المختصة) مصر . دار الكتب المصرية
040 ## - مصدر الفهرسة
وكالة الفهرسة الأصلية EG-CaGPL
082 04 - رقم تصنيف ديوى العشرى
رقم الطبعة 21
رقم التصنيف 923.2
رقم المادة ق/م ر
100 0# - المدخل الرئيسى - إسم شخصى
الإسم الشخصى محمد حامد .
245 12 - بيان العنوان
العنوان الرئيس و الاستاذ :
بقية العنوان دراما العلاقات بين الكاتب و السلطان /
بيان المسئوليه,etc محمد حامد .
250 ## - بيان الطبعة
بيان الطبعة ط1.
260 ## - PUBLICATION, DISTRIBUTION, ETC. (IMPRINT)
تاريخ النشر أو التوزيع 2012 .
300 ## - الوصف المادى
التعداد 368 ص ؛
أبعاد الوعاء 24 سم .
600 0# - المدخل الاضافى بالموضوع-اسم شخصى
الإسم الشخصى محمد حسنين هيكل .
600 0# - المدخل الاضافى بالموضوع-اسم شخصى
الإسم الشخصى محمد انور السادات .
650 04 - المدخل الاضافى بالموضوع-مصطلح موضوعى
مصطلح موضوعي السياسيون
التقسيم الفرعي الشكلي تراجم .
650 04 - المدخل الاضافى بالموضوع-مصطلح موضوعى
مصطلح موضوعي السياسيون المصريون .
942 ## - عناصر المدخل الإضافي( كوها)
مصدر التصنيف او مخطط الترفيف Dewey Decimal Classification
Koha [default] item type كتاب
260 ## - PUBLICATION, DISTRIBUTION, ETC. (IMPRINT)
-- القاهرة :
-- مكتبة جزيرة الورد ،
Holdings
حالة التراجع حالة الفقد حالة تلف ليس للاعارة المكان المؤقت الموقع الحالى تاريخ الاكتساب اجمالي اﻻعارات رقم الطلب الباركود تاريخ اخر مشاهدة تاريخ تفعيل السعر نوع وعاء كوها
        مكتبة القاهرة الكبرى مكتبة القاهرة الكبرى 10/26/2015   923.2 ق/م ر 160977 10/26/2015 10/26/2015 كتاب

Powered By

EGPV